[Event "Montreal op U2000"]
[Site "Montreal CAN"]
[Date "2011.09.10"]
[Round "2"]
[White "Yu, Kexin"]
[Black "Pregent, Daniel"]
[Result "0-1"]
[WhiteElo "1719"]
[BlackElo "1809"]
[PlyCount "182"]
[GameId "2160767909648518"]
[EventDate "2011.09.09"]
[EventType "swiss"]
[EventRounds "5"]
[EventCountry "CAN"]
[SourceTitle "EXT 2022"]
[Source "ChessBase"]
[SourceDate "2021.10.06"]
[SourceVersion "1"]
[SourceVersionDate "2021.10.06"]
[SourceQuality "1"]

1. c4 Nf6 2. Nc3 e6 3. g3 c6 4. Bg2 d5 5. cxd5 exd5 6. d4 Bb4 7. Qb3 Qe7 8. Nf3 O-O 9. Bg5 Nbd7 10. Qc2 Qe4 11. Qd2 Qe6 12. Qd3 Re8 13. a3 Bxc3+ 14. bxc3 Ne4 15. Be3 Nb6 16. O-O Nc4 17. Rfe1 Ned6 18. Bf4 Qf5 19. Qxf5 Bxf5 20. Bxd6 Nxd6 21. Nd2 Re6 22. e3 Rae8 23. a4 Bd3 24. Bf1 Bxf1 25. Rxf1 f6 26. Rab1 R6e7 27. Rfc1 Kf7 28. c4 dxc4 29. Nxc4 Nxc4 30. Rxc4 Rd8 31. Rc5 g6 32. Kf1 Ke6 33. Ke2 Kd6 34. a5 Kc7 35. Kd3 b6 36. axb6+ axb6 37. Rc3 Re6 38. Ra1 Rb8 39. g4 Rd6 40. Ke4 h6 41. h4 Re6+ 42. Kf4 Rd6 43. Ke4 Rd5 44. Rac1 Re8+ 45. Kd3 c5 46. Kc4 Kc6 47. Rb1 cxd4 48. exd4 b5+ 49. Kd3+ Kb6 50. f3 Ra8 51. Ke4 Rad8 52. Rb4 Ka5 53. Rcb3 f5+ 54. Ke3 Re8+ 55. Kf4 Re1 56. g5 h5 57. Rb2 Rd1 58. Ke3 Rh1 59. R4b3 Rxh4 60. Ra3+ Kb6 61. Rba2 Rhxd4 62. Ra6+ Kc5 63. Rxg6 f4+ 64. Ke2 Re5+ 65. Kf2 Rdd5 66. Rf6 Rf5 67. Re6 Rxg5 68. Re4 Rdf5 69. Ra8 Rg6 70. Re1 Rh6 71. Rc8+ Kb6 72. Rb1 h4 73. Rb8+ Kc6 74. Rc1+ Kd7 75. Rb7+ Kd8 76. Rg1 Kc8 77. Ra7 Kb8 78. Rgg7 Rb6 79. Rae7 Rc5 80. Rh7 b4 81. Rxh4 b3 82. Rh1 b2 83. Rb1 Rc1 84. Re1 Rxb1 85. Rxb1 Kc7 86. Ke2 Kc6 87. Kd3 Kd5 88. Kc2 Kd4 89. Kd2 Rh6 90. Kc2 Rh2+ 91. Kb3 Ke3 0-1

[Event "Montreal op U2000"]
[Site "Montreal CAN"]
[Date "2011.09.10"]
[Round "3"]
[White "Baril Boudreau, Felix"]
[Black "Wan, Kevin"]
[Result "1/2-1/2"]
[WhiteElo "1525"]
[BlackElo "1806"]
[PlyCount "79"]
[GameId "2160767909648519"]
[EventDate "2011.09.09"]
[EventType "swiss"]
[EventRounds "5"]
[EventCountry "CAN"]
[SourceTitle "EXT 2022"]
[Source "ChessBase"]
[SourceDate "2021.10.06"]
[SourceVersion "1"]
[SourceVersionDate "2021.10.06"]
[SourceQuality "1"]

1. e4 c5 2. Nf3 d6 3. d4 cxd4 4. Nxd4 Nf6 5. f3 g6 6. c4 Bg7 7. Nc3 Nc6 8. Be3 O-O 9. Be2 Bd7 10. O-O Rc8 11. Qd2 a6 12. Rfd1 Qc7 13. Rac1 Nxd4 14. Bxd4 Be6 15. Nd5 Bxd5 16. cxd5 Qb8 17. Qe3 Rxc1 18. Rxc1 Rc8 19. Rxc8+ Qxc8 20. Qc3 Qxc3 21. Bxc3 Nd7 22. Bxg7 Kxg7 23. b4 Kf8 24. Kf2 Ke8 25. Ke3 Kd8 26. f4 Nb6 27. Kd4 Kd7 28. g4 Na4 29. h4 b5 30. h5 Nb6 31. hxg6 hxg6 32. g5 Kd8 33. e5 Kd7 34. Bd3 Ke8 35. e6 Kf8 36. f5 gxf5 37. exf7 Kxf7 38. Bxf5 Kg7 39. Bd3 Na8 40. Bf5 1/2-1/2

[Event "Montreal op U2000"]
[Site "Montreal CAN"]
[Date "2011.09.10"]
[Round "3"]
[White "Bedard, Michel"]
[Black "Gerard, Patrice"]
[Result "0-1"]
[WhiteElo "1722"]
[BlackElo "1859"]
[PlyCount "142"]
[GameId "2160767909648520"]
[EventDate "2011.09.09"]
[EventType "swiss"]
[EventRounds "5"]
[EventCountry "CAN"]
[SourceTitle "EXT 2022"]
[Source "ChessBase"]
[SourceDate "2021.10.06"]
[SourceVersion "1"]
[SourceVersionDate "2021.10.06"]
[SourceQuality "1"]

1. d4 g6 2. g3 Bg7 3. Bg2 c5 4. Nf3 Nc6 5. c3 cxd4 6. cxd4 d5 7. O-O Bf5 8. a3 Nf6 9. Nc3 O-O 10. Nh4 Be6 11. e3 Rc8 12. Bd2 Na5 13. Na4 Nc4 14. b3 Bg4 15. f3 Nxd2 16. Qxd2 Bd7 17. Bh1 Bxa4 18. bxa4 Qd7 19. Qb4 Rc4 20. Qb5 Rxa4 21. Qxd7 Nxd7 22. Rfc1 Rc4 23. f4 Rfc8 24. Rxc4 dxc4 25. Bxb7 Rc7 26. Be4 Nc5 27. Bc2 Nd7 28. Kf1 e6 29. Rb1 Nb6 30. Ke2 Bf8 31. a4 Nd5 32. Kf2 Nb4 33. Rc1 Na2 34. Ra1 Nc3 35. Nf3 Rb7 36. Nd2 Rb4 37. Ke1 Nd5 38. Kf2 Rb2 39. Rc1 c3 40. Nc4 Ra2 41. Ke2 Nb6 42. Nxb6 Ba3 43. Nc4 Bxc1 44. Kd3 Bb2 45. Bb3 Ra1 46. Ne5 Rg1 47. Nf3 Rg2 48. e4 Rf2 49. d5 Rxf3+ 50. Ke2 c2 51. Bxc2 Rc3 52. Kd2 Rxc2+ 53. Kxc2 Bd4 54. d6 Kf8 55. Kd3 Bg1 56. h3 Bh2 57. Ke3 Bxg3 58. Kf3 Be1 59. e5 Ba5 60. Ke4 Bb6 61. Kf3 Ke8 62. Kg4 h6 63. Kf3 Kd7 64. Kg4 Kc6 65. h4 h5+ 66. Kg5 Bd8+ 67. Kh6 Bxh4 68. Kg7 Bg3 69. Kxf7 Bxf4 70. Kxe6 Bxe5 71. Kxe5 Kd7 0-1

[Event "Montreal op U2000"]
[Site "Montreal CAN"]
[Date "2011.09.10"]
[Round "3"]
[White "Blanchette, Rene"]
[Black "Desmarais, Serge"]
[Result "0-1"]
[WhiteElo "1592"]
[BlackElo "1654"]
[PlyCount "98"]
[GameId "2160767909648521"]
[EventDate "2011.09.09"]
[EventType "swiss"]
[EventRounds "5"]
[EventCountry "CAN"]
[SourceTitle "EXT 2022"]
[Source "ChessBase"]
[SourceDate "2021.10.06"]
[SourceVersion "1"]
[SourceVersionDate "2021.10.06"]
[SourceQuality "1"]

1. e4 Nf6 2. e5 Nd5 3. d4 d6 4. c4 Nb6 5. f4 dxe5 6. fxe5 Nc6 7. Be3 g6 8. Nc3 Bg7 9. Nf3 Bg4 10. Qd2 Bxf3 11. gxf3 Qd7 12. O-O-O O-O-O 13. Be2 Kb8 14. Ne4 Qf5 15. Ng3 Qc8 16. Qc2 Qh3 17. a3 Bh6 18. Qe4 Bxe3+ 19. Qxe3 f6 20. f4 fxe5 21. fxe5 Qe6 22. Qc3 Qf7 23. Rhf1 Qg7 24. Qe3 Rhf8 25. Rxf8 Rxf8 26. Ne4 Qg8 27. b3 Rf5 28. Kb2 a6 29. Ng3 Rf8 30. Bd3 Qe6 31. Re1 Qg4 32. Kc3 Rf3 33. Qe4 Rf4 34. Qe2 Rxd4 35. Qxg4 Rxg4 36. e6 Rh4 37. Re2 Nd8 38. b4 c6 39. Kb3 Kc7 40. a4 Na8 41. c5 Kc8 42. Bc4 Nc7 43. a5 Nb5 44. Bxb5 cxb5 45. Kc3 Rc4+ 46. Kb3 Nc6 47. Rf2 Rxb4+ 48. Ka3 Ra4+ 49. Kb3 Nd4+ 0-1

[Event "Montreal op U2000"]
[Site "Montreal CAN"]
[Date "2011.09.10"]
[Round "3"]
[White "Bleau, John"]
[Black "Chang, Michael"]
[Result "1/2-1/2"]
[WhiteElo "1966"]
[BlackElo "1779"]
[PlyCount "74"]
[GameId "2160767909648522"]
[EventDate "2011.09.09"]
[EventType "swiss"]
[EventRounds "5"]
[EventCountry "CAN"]
[SourceTitle "EXT 2022"]
[Source "ChessBase"]
[SourceDate "2021.10.06"]
[SourceVersion "1"]
[SourceVersionDate "2021.10.06"]
[SourceQuality "1"]

1. d4 Nf6 2. c4 g6 3. Nc3 Bg7 4. g3 d6 5. Bg2 O-O 6. Nf3 Nbd7 7. O-O c6 8. e4 e5 9. dxe5 Nxe5 10. Nxe5 dxe5 11. Qe2 Re8 12. Rd1 Qc7 13. h3 Be6 14. Be3 b6 15. Rac1 Rad8 16. Bg5 Rd4 17. Rxd4 exd4 18. Nd5 Bxd5 19. Bxf6 Bxc4 20. Qxc4 Bxf6 21. Qxc6 Qxc6 22. Rxc6 Bg7 23. b3 Rd8 24. Kf1 d3 25. Ke1 d2+ 26. Kd1 Bd4 27. Rc2 Bxf2 28. Rxd2 Rxd2+ 29. Kxd2 Bxg3 30. Ke3 Kg7 31. Kf3 Bd6 32. Bf1 f6 33. Bc4 Kf8 34. a4 Ke7 35. Kg4 h5+ 36. Kf3 f5 37. exf5 gxf5 1/2-1/2

[Event "Montreal op U2000"]
[Site "Montreal CAN"]
[Date "2011.09.10"]
[Round "3"]
[White "Boudkeev, Timour"]
[Black "Goldner, John"]
[Result "1/2-1/2"]
[WhiteElo "1849"]
[BlackElo "1621"]
[PlyCount "94"]
[GameId "2160767909648523"]
[EventDate "2011.09.09"]
[EventType "swiss"]
[EventRounds "5"]
[EventCountry "CAN"]
[SourceTitle "EXT 2022"]
[Source "ChessBase"]
[SourceDate "2021.10.06"]
[SourceVersion "1"]
[SourceVersionDate "2021.10.06"]
[SourceQuality "1"]

1. d4 d5 2. c4 e6 3. e3 Nf6 4. Nc3 Be7 5. Nf3 O-O 6. Be2 c6 7. O-O Nbd7 8. Qc2 Re8 9. b3 Bd6 10. Bb2 Bb8 11. e4 dxe4 12. Nxe4 Nxe4 13. Qxe4 f5 14. Qc2 Nf6 15. Rad1 Qc7 16. Ne5 a6 17. Bf3 Bd7 18. g3 Bc8 19. Bc1 h6 20. Qe2 Qa5 21. a3 Bd6 22. b4 Qc7 23. Bf4 g5 24. Bc1 Qg7 25. Bb2 Qc7 26. Rc1 Bxe5 27. dxe5 Nh7 28. Bh5 Re7 29. Bg6 g4 30. Bxh7+ Kxh7 31. Rcd1 Bd7 32. Qe3 Rg7 33. Rd6 Rf8 34. Rfd1 Rff7 35. Bd4 Qc8 36. Bb6 Qe8 37. Qd3 Kg8 38. Be3 Kh7 39. Bc1 Qc8 40. Qd2 Kg8 41. Qxh6 Rh7 42. Qd2 Qe8 43. c5 Rfg7 44. Kg2 Qh5 45. h4 gxh3+ 46. Kh2 Qf3 47. Rg1 Kf8 1/2-1/2

[Event "Montreal op U2000"]
[Site "Montreal CAN"]
[Date "2011.09.10"]
[Round "3"]
[White "Chesnut, Walter"]
[Black "Hayne, Alexander"]
[Result "1-0"]
[WhiteElo "1648"]
[BlackElo "1737"]
[PlyCount "81"]
[GameId "2160767909648524"]
[EventDate "2011.09.09"]
[EventType "swiss"]
[EventRounds "5"]
[EventCountry "CAN"]
[SourceTitle "EXT 2022"]
[Source "ChessBase"]
[SourceDate "2021.10.06"]
[SourceVersion "1"]
[SourceVersionDate "2021.10.06"]
[SourceQuality "1"]

1. e4 c5 2. Nf3 d6 3. d4 cxd4 4. Nxd4 Nf6 5. Nc3 g6 6. Be3 Bg7 7. f3 Nc6 8. Qd2 O-O 9. O-O-O d5 10. exd5 Nxd5 11. Nxc6 bxc6 12. Bd4 Nxc3 13. Qxc3 Bh6+ 14. Be3 Bxe3+ 15. Qxe3 Qc7 16. h4 Be6 17. b3 h5 18. g4 Rad8 19. Rxd8 Rxd8 20. gxh5 Qa5 21. a4 Qxh5 22. Be2 Qh8 23. Kb1 Qd4 24. Qxd4 Rxd4 25. Kc1 Kg7 26. h5 Bf5 27. hxg6 Bxg6 28. c3 Rd8 29. Rh4 Bf5 30. Rb4 Rd7 31. Rd4 Kf6 32. Rxd7 Bxd7 33. Kd2 c5 34. a5 e5 35. Ke3 Ke6 36. Bc4+ Ke7 37. Ke4 Kf6 38. Kd5 Be6+ 39. Kxc5 Kf5 40. Bxe6+ fxe6 41. Kd6 1-0

[Event "Montreal op U2000"]
[Site "Montreal CAN"]
[Date "2011.09.10"]
[Round "3"]
[White "Corrigan, Michael"]
[Black "Cardin, Guillaume"]
[Result "0-1"]
[WhiteElo "1730"]
[BlackElo "1947"]
[PlyCount "68"]
[GameId "2160767909648525"]
[EventDate "2011.09.09"]
[EventType "swiss"]
[EventRounds "5"]
[EventCountry "CAN"]
[SourceTitle "EXT 2022"]
[Source "ChessBase"]
[SourceDate "2021.10.06"]
[SourceVersion "1"]
[SourceVersionDate "2021.10.06"]
[SourceQuality "1"]

1. d4 f5 2. e4 fxe4 3. Nc3 Nf6 4. f3 exf3 5. Nxf3 e6 6. Bd3 Be7 7. O-O Nc6 8. a3 O-O 9. Qe1 Qe8 10. Nb5 Bd8 11. Bg5 a6 12. Nc3 Qh5 13. Bxf6 Bxf6 14. Ne2 Qh6 15. Qf2 d6 16. c3 Bd7 17. Ng3 Rae8 18. Qc2 Ne7 19. Rae1 Ng6 20. Qb3 Nf4 21. Bb1 Bc6 22. Nf5 Qh5 23. Ng3 Qh6 24. Nf5 Qh5 25. Ng3 Qf7 26. Ne4 e5 27. Nxf6+ gxf6 28. Qc2 Bb5 29. Re3 Bxf1 30. Kxf1 Kh8 31. Qf5 Qg6 32. Qxg6 Nxg6 33. d5 c6 34. Nh4 Nxh4 0-1

[Event "Montreal op U2000"]
[Site "Montreal CAN"]
[Date "2011.09.10"]
[Round "3"]
[White "Efpraxiadis, Jean"]
[Black "Sprumont, Oscar"]
[Result "1/2-1/2"]
[WhiteElo "1670"]
[BlackElo "1757"]
[PlyCount "106"]
[GameId "2160767909648526"]
[EventDate "2011.09.09"]
[EventType "swiss"]
[EventRounds "5"]
[EventCountry "CAN"]
[SourceTitle "EXT 2022"]
[Source "ChessBase"]
[SourceDate "2021.10.06"]
[SourceVersion "1"]
[SourceVersionDate "2021.10.06"]
[SourceQuality "1"]

1. e4 e5 2. Nf3 Nc6 3. Bb5 a6 4. Bxc6 dxc6 5. d4 exd4 6. Qxd4 Qxd4 7. Nxd4 c5 8. Ne2 Be6 9. Be3 O-O-O 10. Nbc3 Nf6 11. f3 Bd7 12. O-O-O Be7 13. Nd5 Nxd5 14. Rxd5 Bc6 15. Rxd8+ Rxd8 16. Rd1 Bb5 17. Nc3 Rxd1+ 18. Kxd1 Bf1 19. g3 h5 20. Nd5 Bd6 21. b3 g6 22. Nf4 Bb5 23. c4 Bd7 24. Nd3 b6 25. Bg5 Bc6 26. Bf6 Kd7 27. Ke2 Bb7 28. Ke3 Ke6 29. Bc3 Bc6 30. f4 Bb7 31. h3 Bf8 32. f5+ gxf5 33. Nf4+ Ke7 34. exf5 Bh6 35. Be5 Kd7 36. Kf2 Bxf4 37. Bxf4 Be4 38. g4 hxg4 39. hxg4 Bb1 40. a3 Ba2 41. b4 cxb4 42. axb4 Bxc4 43. Ke3 c5 44. bxc5 bxc5 45. g5 a5 46. g6 fxg6 47. fxg6 a4 48. Be5 a3 49. Kd2 Ke6 50. Bc3 Kd5 51. g7 Ke4 52. Kc2 Bg8 53. Bf6 Ke3 1/2-1/2

[Event "Montreal op U2000"]
[Site "Montreal CAN"]
[Date "2011.09.10"]
[Round "3"]
[White "Guo, Forest"]
[Black "Lopez Linares, Lizandro"]
[Result "0-1"]
[WhiteElo "1897"]
[BlackElo "1981"]
[PlyCount "62"]
[GameId "2160767909648527"]
[EventDate "2011.09.09"]
[EventType "swiss"]
[EventRounds "5"]
[EventCountry "CAN"]
[SourceTitle "EXT 2022"]
[Source "ChessBase"]
[SourceDate "2021.10.06"]
[SourceVersion "1"]
[SourceVersionDate "2021.10.06"]
[SourceQuality "1"]

1. e4 c6 2. d4 d5 3. exd5 cxd5 4. c4 Nf6 5. Nc3 Nc6 6. Bg5 e6 7. Nf3 Be7 8. c5 O-O 9. Bb5 Ne4 10. Bxe7 Nxe7 11. Rc1 Qa5 12. Qa4 Qc7 13. O-O a6 14. Bd3 Bd7 15. Qc2 f5 16. b4 Ng6 17. Rfe1 Rae8 18. Qb3 Qf4 19. Ne2 Qh6 20. Ng3 Qf4 21. Ne2 Qh6 22. Ng3 Kh8 23. a4 Nd2 24. Nxd2 Qxd2 25. Red1 Qg5 26. Be2 Nh4 27. Bf1 f4 28. Ne2 f3 29. Ng3 fxg2 30. Be2 Qf4 31. f3 Bxa4 0-1

[Event "Montreal op U2000"]
[Site "Montreal CAN"]
[Date "2011.09.10"]
[Round "3"]
[White "Haussler, Daniel"]
[Black "Dominique, Vladimir"]
[Result "1-0"]
[WhiteElo "1952"]
[BlackElo "1829"]
[PlyCount "47"]
[GameId "2160767909648528"]
[EventDate "2011.09.09"]
[EventType "swiss"]
[EventRounds "5"]
[EventCountry "CAN"]
[SourceTitle "EXT 2022"]
[Source "ChessBase"]
[SourceDate "2021.10.06"]
[SourceVersion "1"]
[SourceVersionDate "2021.10.06"]
[SourceQuality "1"]

1. d4 Nf6 2. c4 e6 3. e3 d5 4. Bd3 Nbd7 5. cxd5 exd5 6. Ne2 c6 7. O-O Bd6 8. f3 O-O 9. Qe1 Qc7 10. Qh4 Be7 11. e4 g6 12. e5 c5 13. Bg5 Nxe5 14. dxe5 Qxe5 15. Nbc3 d4 16. Nd1 Nd5 17. Bxe7 Nxe7 18. Qf4 Qe6 19. Qd2 Nd5 20. Nf4 Nxf4 21. Qxf4 Bd7 22. Nf2 Rfe8 23. Ne4 b6 24. Nf6+ 1-0

[Event "Montreal op U2000"]
[Site "Montreal CAN"]
[Date "2011.09.10"]
[Round "3"]
[White "Hayne, Alexander"]
[Black "Shi, Yang Tian Jiao (Sky"]
[Result "0-1"]
[WhiteElo "1737"]
[BlackElo "1613"]
[PlyCount "142"]
[GameId "2160767909648529"]
[EventDate "2011.09.09"]
[EventType "swiss"]
[EventRounds "5"]
[EventCountry "CAN"]

1. e4 c5 2. Nf3 d6 3. d4 cxd4 4. Nxd4 Nf6 5. Nc3 a6 6. a4 e6 7. Be3 Be7 8. Bd3 Nbd7 9. O-O O-O 10. f4 Nc5 11. b4 Nxd3 12. cxd3 e5 13. Nc2 b6 14. h3 Bb7 15. Na3 exf4 16. Rxf4 d5 17. exd5 Nxd5 18. Nxd5 Qxd5 19. Qd2 Bf6 20. Raf1 Rfe8 21. Rf5 Qxg2+ 22. Qxg2 Bxg2 23. Kxg2 Rxe3 24. R5f3 Rae8 25. Nc4 Rxf3 26. Kxf3 Bd4 27. Kg4 f6 28. Rf4 Rd8 29. Kf5 b5 30. axb5 axb5 31. Na3 Bb2 32. Nc4 bxc4 33. dxc4 Rb8 34. c5 Ba3 35. c6 Bxb4 36. c7 Rc8 37. Rxb4 Rxc7 38. Ke6 Rc8 39. Rb7 Rf8 40. Kf5 g6+ 41. Kf4 Rf7 42. Rb8+ Kg7 43. h4 h6 44. h5 g5+ 45. Kf5 Rc7 46. Rb5 Kf7 47. Rd5 Ke7 48. Rb5 Rd7 49. Ra5 Kf7 50. Rb5 Re7 51. Rb6 Re5+ 52. Kg4 f5+ 53. Kf3 Re6 54. Rb8 Kf6 55. Rh8 g4+ 56. Kg3 Kg5 57. Rg8+ Kxh5 58. Kf4 Rg6 59. Rb8 Kh4 60. Rb1 Kh3 61. Kxf5 Rg5+ 62. Kf4 Rg6 63. Kf5 Rc6 64. Kf4 Rc4+ 65. Ke3 Rc3+ 66. Kf4 Rf3+ 67. Ke4 Kg2 68. Rb6 h5 69. Rh6 Rh3 70. Kf4 g3 71. Ra6 Kh2 0-1

[Event "Montreal op U2000"]
[Site "Montreal CAN"]
[Date "2011.09.10"]
[Round "3"]
[White "He, Shao Hang"]
[Black "Giroux, Robert"]
[Result "0-1"]
[WhiteElo "1609"]
[BlackElo "1834"]
[PlyCount "118"]
[GameId "2160767909648530"]
[EventDate "2011.09.09"]
[EventType "swiss"]
[EventRounds "5"]
[EventCountry "CAN"]
[SourceTitle "EXT 2022"]
[Source "ChessBase"]
[SourceDate "2021.10.06"]
[SourceVersion "1"]
[SourceVersionDate "2021.10.06"]
[SourceQuality "1"]

1. d4 Nf6 2. c4 e6 3. Nf3 Bb4+ 4. Bd2 Qe7 5. a3 Bxd2+ 6. Nbxd2 d6 7. e3 e5 8. d5 a5 9. e4 O-O 10. Be2 Na6 11. O-O Nc5 12. Qc2 a4 13. Bd3 Nh5 14. b4 axb3 15. Nxb3 Nxd3 16. Qxd3 Nf4 17. Qc2 f5 18. Rfe1 fxe4 19. Qxe4 Bd7 20. Nfd4 Ra4 21. Ne2 Nxe2+ 22. Qxe2 Bg4 23. Qc2 Raa8 24. Nd2 Qh4 25. Ne4 Bf5 26. Re3 Bxe4 27. Rxe4 Rxf2 28. Qd3 Qf6 29. Qh3 Qf5 30. Qxf5 Rxf5 31. a4 b6 32. Ra3 Ra5 33. g3 Rf8 34. Re2 Re8 35. Rea2 Rc5 36. Rf3 Rf8 37. Rxf8+ Kxf8 38. Rc2 Ra5 39. Ra2 Ke7 40. Kf2 Rc5 41. Rc2 c6 42. dxc6 Rxc6 43. Ke3 d5 44. Kd3 Rxc4 45. Rxc4 dxc4+ 46. Kxc4 Kd6 47. h3 Kc6 48. g4 g5 49. Kd3 Kd5 50. Ke3 e4 51. Ke2 Kd4 52. Kd2 e3+ 53. Ke2 Ke4 54. Ke1 Kf3 55. Kf1 e2+ 56. Ke1 Ke3 57. h4 gxh4 58. g5 h3 59. g6 h2 0-1

[Event "Montreal op U2000"]
[Site "Montreal CAN"]
[Date "2011.09.10"]
[Round "3"]
[White "Joanis, Marc-Andre"]
[Black "Yu, Kexin"]
[Result "0-1"]
[WhiteElo "1767"]
[BlackElo "1719"]
[PlyCount "72"]
[GameId "2160767909648531"]
[EventDate "2011.09.09"]
[EventType "swiss"]
[EventRounds "5"]
[EventCountry "CAN"]
[SourceTitle "EXT 2022"]
[Source "ChessBase"]
[SourceDate "2021.10.06"]
[SourceVersion "1"]
[SourceVersionDate "2021.10.06"]
[SourceQuality "1"]

1. d4 Nf6 2. c4 g6 3. Nc3 Bg7 4. Nf3 d6 5. Bg5 O-O 6. e3 Nbd7 7. Be2 h6 8. Bh4 Re8 9. O-O e5 10. dxe5 Nxe5 11. Nxe5 Rxe5 12. Rc1 Bf5 13. Nd5 g5 14. Bg3 Re8 15. f4 Nxd5 16. Qxd5 Be4 17. Qd2 Qe7 18. Bh5 Rf8 19. Rce1 Rad8 20. Qf2 d5 21. fxg5 hxg5 22. h4 Bd3 23. Be2 dxc4 24. hxg5 Rd5 25. Bf4 Qb4 26. Qh4 Qxb2 27. Kf2 Bxe2 28. Rxe2 Rd2 29. Rxd2 Qxd2+ 30. Kg3 Qxa2 31. g6 fxg6 32. Rh1 Qb2 33. Qh7+ Kf7 34. Bh6 Qe5+ 35. Bf4 Qf6 36. Qh3 Qf5 0-1

[Event "Montreal op U2000"]
[Site "Montreal CAN"]
[Date "2011.09.10"]
[Round "3"]
[White "Langlois-Remillard, Alexis"]
[Black "Dion, Etienne"]
[Result "0-1"]
[WhiteElo "1595"]
[BlackElo "1878"]
[PlyCount "112"]
[GameId "2160767909648533"]
[EventDate "2011.09.09"]
[EventType "swiss"]
[EventRounds "5"]
[EventCountry "CAN"]
[SourceTitle "EXT 2022"]
[Source "ChessBase"]
[SourceDate "2021.10.06"]
[SourceVersion "1"]
[SourceVersionDate "2021.10.06"]
[SourceQuality "1"]

1. Nf3 d6 2. c4 g6 3. g3 Bg7 4. Bg2 e5 5. Nc3 f5 6. d3 Nf6 7. Bg5 h6 8. Bd2 g5 9. Qb3 Nbd7 10. d4 e4 11. Ng1 c6 12. e3 O-O 13. f3 Re8 14. g4 exf3 15. Bxf3 fxg4 16. Be2 Nf8 17. Bd3 Qb6 18. Qc2 Qxd4 19. Nge2 Qe5 20. O-O-O a6 21. Rdf1 b5 22. Nd4 Bd7 23. Bf5 Qe7 24. cxb5 axb5 25. h4 gxh3 26. Rxh3 b4 27. Nd1 c5 28. Bxd7 Qxd7 29. Qb3+ Qf7 30. Qxf7+ Kxf7 31. Nf5 Re6 32. Kb1 Kg6 33. Be1 Ne4 34. b3 Nd7 35. Rhf3 Ne5 36. Rh3 Rf8 37. Nxg7 Kxg7 38. Rfh1 Nd3 39. R3h2 Ne5 40. Rh3 Rf3 41. Kc2 Ref6 42. R3h2 Ng4 43. Re2 Ngf2 44. Bxf2 Nxf2 45. Nxf2 Rxf2 46. Kd3 Rxe2 47. Kxe2 Kg6 48. Rd1 h5 49. Kd3 g4 50. Ke4 Kg5 51. Rh1 h4 52. a4 bxa3 53. Ra1 g3 54. Rxa3 g2 55. Ra8 g1=Q 56. Rg8+ Rg6 0-1

[Event "Montreal op U2000"]
[Site "Montreal CAN"]
[Date "2011.09.10"]
[Round "3"]
[White "Medawar, Jean-Marc"]
[Black "Duplessis, Jean-Roch"]
[Result "1/2-1/2"]
[WhiteElo "1645"]
[BlackElo "1730"]
[PlyCount "72"]
[GameId "2160767909648534"]
[EventDate "2011.09.09"]
[EventType "swiss"]
[EventRounds "5"]
[EventCountry "CAN"]
[SourceTitle "EXT 2022"]
[Source "ChessBase"]
[SourceDate "2021.10.06"]
[SourceVersion "1"]
[SourceVersionDate "2021.10.06"]
[SourceQuality "1"]

1. d4 d6 2. f4 c5 3. e3 Nf6 4. Nf3 g6 5. c3 cxd4 6. exd4 Bg7 7. Bb5+ Bd7 8. Bxd7+ Nbxd7 9. Qb3 Qb6 10. O-O O-O 11. Re1 Rfe8 12. Nbd2 Qxb3 13. axb3 e5 14. fxe5 dxe5 15. dxe5 Ng4 16. e6 Rxe6 17. Rxe6 fxe6 18. Nc4 Bf8 19. h3 Bc5+ 20. Kf1 Ngf6 21. b4 Be7 22. Bg5 Nd5 23. Bxe7 Nxe7 24. Nd6 b6 25. Re1 Nf8 26. Ng5 a5 27. Nxe6 axb4 28. Nc7 Rd8 29. Rxe7 Rxd6 30. cxb4 Rd4 31. b5 Rb4 32. Re2 Nd7 33. Rd2 Nc5 34. Rd6 Na4 35. Rd8+ Kg7 36. Rd7+ Kh6 1/2-1/2

[Event "Montreal op U2000"]
[Site "Montreal CAN"]
[Date "2011.09.10"]
[Round "3"]
[White "Morin, Louis"]
[Black "Paduano, Gennaro"]
[Result "0-1"]
[WhiteElo "1861"]
[BlackElo "1956"]
[PlyCount "104"]
[GameId "2160767909648536"]
[EventDate "2011.09.09"]
[EventType "swiss"]
[EventRounds "5"]
[EventCountry "CAN"]
[SourceTitle "EXT 2022"]
[Source "ChessBase"]
[SourceDate "2021.10.06"]
[SourceVersion "1"]
[SourceVersionDate "2021.10.06"]
[SourceQuality "1"]

1. e4 d6 2. Nf3 Nf6 3. Nc3 c5 4. e5 dxe5 5. Bb5+ Nbd7 6. Nxe5 a6 7. Nxd7 Bxd7 8. Bxd7+ Qxd7 9. d3 e6 10. O-O Be7 11. Be3 O-O 12. Ne4 Rac8 13. Qe2 Rfd8 14. Rad1 Nxe4 15. dxe4 Qa4 16. c4 Qxa2 17. Ra1 Qb3 18. Ra3 Qb6 19. e5 Qc6 20. f3 Rd7 21. Rd1 Rcd8 22. Rad3 b5 23. Rxd7 Rxd7 24. Rxd7 Qxd7 25. b3 Kf8 26. cxb5 Qxb5 27. Qc2 g6 28. Bh6+ Ke8 29. Qe4 Kd7 30. Qa8 c4 31. Qa7+ Ke8 32. Qa8+ Bd8 33. bxc4 Qxc4 34. Bg5 Qd5 35. Qc8 a5 36. Bxd8 Qxd8 37. Qc6+ Kf8 38. Qc5+ Kg7 39. Kf2 Qd2+ 40. Kg3 Qd5 41. Qe3 h6 42. f4 a4 43. Qa7 Qb3+ 44. Kg4 Qb4 45. Qc7 a3 46. Qd8 Qb7 47. Kg3 Qa7 48. Qd1 a2 49. Qa1 Qe3+ 50. Kg4 Qb3 51. Qd4 Qb1 52. Qd8 Qf5+ 0-1

[Event "Montreal op U2000"]
[Site "Montreal CAN"]
[Date "2011.09.10"]
[Round "3"]
[White "Nikulich, Oleksandr"]
[Black "Lalumiere, Claude"]
[Result "0-1"]
[WhiteElo "1932"]
[BlackElo "1778"]
[PlyCount "68"]
[GameId "2160767909648537"]
[EventDate "2011.09.09"]
[EventType "swiss"]
[EventRounds "5"]
[EventCountry "CAN"]
[SourceTitle "EXT 2022"]
[Source "ChessBase"]
[SourceDate "2021.10.06"]
[SourceVersion "1"]
[SourceVersionDate "2021.10.06"]
[SourceQuality "1"]

1. e4 c5 2. Nf3 Nc6 3. Nc3 g6 4. Bc4 Bg7 5. O-O a6 6. a4 d6 7. d3 e6 8. Bg5 Nge7 9. Qd2 h6 10. Bf4 g5 11. Bg3 Ng6 12. h3 e5 13. Nd5 Nf4 14. Rab1 Ne7 15. Bxf4 gxf4 16. c3 Ng6 17. d4 Rb8 18. dxc5 dxc5 19. Qe2 Rg8 20. b4 Bf8 21. Kh2 Nh4 22. Nxh4 Qxh4 23. Qf3 Be7 24. Qd3 Bd8 25. bxc5 Bg4 26. Kh1 f3 27. Ne3 Bxh3 28. Kg1 Bxg2 29. Bxf7+ Kf8 30. Qd6+ Be7 31. Qxb8+ Kxf7 32. Qxg8+ Kxg8 33. Nxg2 Qg4 34. Kh2 Qxg2# 0-1

[Event "Montreal op U2000"]
[Site "Montreal CAN"]
[Date "2011.09.10"]
[Round "3"]
[White "Perna-Fraser, David"]
[Black "Yu, Zong Yang"]
[Result "0-1"]
[WhiteElo "1630"]
[BlackElo "1768"]
[PlyCount "80"]
[GameId "2160767909648538"]
[EventDate "2011.09.09"]
[EventType "swiss"]
[EventRounds "5"]
[EventCountry "CAN"]
[SourceTitle "EXT 2022"]
[Source "ChessBase"]
[SourceDate "2021.10.06"]
[SourceVersion "1"]
[SourceVersionDate "2021.10.06"]
[SourceQuality "1"]

1. e4 c5 2. Nf3 d6 3. d4 cxd4 4. Nxd4 Nf6 5. Nc3 g6 6. Bb5+ Bd7 7. Bxd7+ Nbxd7 8. O-O Bg7 9. Re1 a6 10. Nd5 O-O 11. Nxf6+ Bxf6 12. c3 Rc8 13. Re3 b5 14. Rh3 Rc4 15. Qd2 Re8 16. Qh6 Nf8 17. Be3 b4 18. Rc1 Qc8 19. Ne2 bxc3 20. Nxc3 Qb7 21. Nd5 Bg7 22. Qh4 Rxc1+ 23. Bxc1 Rc8 24. Be3 Qxb2 25. Nxe7+ Kh8 26. g3 Rc4 27. Kg2 Qe5 28. Nd5 Rxe4 29. Nf4 g5 30. Qg4 gxf4 31. Bxf4 Qe6 32. Qh5 Qg6 33. Qd5 Rxf4 34. Rh5 Rd4 35. Qa5 Qe4+ 36. Kh3 Qg4+ 37. Kg2 Ne6 38. Rf5 Qe4+ 39. Kh3 Be5 40. Rxe5 dxe5 0-1